000
00244nam a2200097Ia 4500
001
709761
005
20250826162553.0
008
250824s9999 xx 000 0 und d
245
0
_a
SERGÜZEŞT
_c
SAMİPAŞAZADE SEZAİ
260
_b
AKVARYUM YAYINLARI
999
_c
709761
_d
709761